00369nam a2200097Ia 4500008004100000100001400041245012600055260005200181300001200233700002600245220214s9999 xx 000 0 und d aMenachery 0aStudies on the utilisation of rubber (Hevea brasiliensis) seed cake as an ingredient in concentrate ration for dairy cows bIndian Journal of Nutrition and Dieteticsc1978 a350-355 aAnanthasubramaniam CR